000 00689nam a2200193Ii 4500
003 JO-AjNU
008 230605s9999||||xx |||||||||||||| ||und||
040 _aJO-AjNU
_bara
_erda
_cJO-AjNU
041 _aara
050 1 4 _aSD411.Y3852 1985
100 3 _aعبداللة ،ياووزشفيق / م مشارك عادل الكناني ,
_eauthor
_913012
245 0 0 _aمشاتل الغابات لطلبة الصف الرابع :غابات
264 3 1 _aالموصل:وزارة التعليم العالي ،1985
300 _a259ص
336 _atext
_btxt
_2rdacontent
337 _aunmediated
_bn
_2rdamedia
338 _avolume
_bnc
_2rdacarrier
650 4 _aمشاتل الغابات
_913013
999 _aA3127
_c6695
_d6695